000 00520pab a2200181 454500
008 180718b2014 xxu||||| |||| 00| 0 eng d
100 _aSharma, Supran Kumar
245 _aMeasurement and elucidation of resource competence: An economic analysis for the selected states of India
260 _c2014
300 _ap.19-41.
362 _aDec
650 _aResources management - India
650 _aResources management
700 _aShravani
773 _aAsian Economic Review
908 _aN
909 _a107043
999 _c107038
_d107038